| 000 | 00738nam a22002537a 4500 | ||
|---|---|---|---|
| 005 | 20170123162322.0 | ||
| 010 | _aA-852829 | ||
| 020 | _c00.00 | ||
| 035 | _aA-852829 | ||
| 037 | _bCen Lib/Ret | ||
| 040 |
_aDPL _bUR |
||
| 082 |
_aک _bآ غ ا |
||
| 100 |
_aآغا گل _9117599 |
||
| 245 |
_aگوریچ / _c آغا گل |
||
| 246 |
_aGorich / _bby Agha Gul |
||
| 260 |
_aدہلی _bپبلشرز اینڈ ادوٹرس _c2000 |
||
| 270 |
_bدہلی _aJ-6, کرشن نگر _e110051 |
||
| 300 |
_a123p. _c20cm(Hb) |
||
| 650 |
_aاردو ادب _9117600 |
||
| 650 |
_aاردوافسانے _9117601 |
||
| 650 |
_aUrdu literature _9117602 |
||
| 650 |
_aUrdu stories _9117603 |
||
| 942 |
_2ddc _cUR _hک _mآ غ ا |
||
| 999 |
_c107160 _d107160 |
||